| 000 | 00459nam a2200181Ia 4500 | ||
|---|---|---|---|
| 008 | 230524s9999 xx 000 0 und d | ||
| 020 | _a9788123923802 | ||
| 082 |
_a658.477 _bDHA |
||
| 100 |
_aNidhi Gauba Dhawan _942975 |
||
| 245 | 0 | _aDisaster Management and Preparedness | |
| 250 | _a1 | ||
| 260 |
_aNew Delhi _bCBS _c2014 |
||
| 300 | _a155p; | ||
| 500 | _aQuantity Number: 1 | ||
| 650 | _aCivil | ||
| 700 |
_aAmbrina Sardar Khan _945048 |
||
| 942 | _cBK | ||
| 999 |
_c60645 _d60645 |
||